000 00286nam a2200121Ia 4500
008 220204s9999 xx 000 0 und d
082 _a32(540)
_bKUL
100 _aKuldip Nayar
245 0 _aIndia: The critical years
250 _aRev ed
260 _aBombay
_bVikas
_c1971
942 _cBK
999 _c25376
_d25376